书目信息 |
| 题名: |
页岩气开发工程中的理论与实践
|
|
| 作者: | 曾义金 , 杨春和 , 张保平 著 | |
| 分册: | ||
| 出版信息: | 北京 科学出版社 2017.03 |
|
| 页数: | 441页 | |
| 开本: | 26cm | |
| 丛书名: | ||
| 单 册: | ||
| 中图分类: | P618.130.8 | |
| 科图分类: | ||
| 主题词: | 油页岩--油田开发--研究 | |
| 电子资源: | ||
| ISBN: | 978-7-03-052220-7 | |
| 000 | 01216nam0 2200265 450 | |
| 001 | 4675 | |
| 005 | 20181012153702.20 | |
| 010 | @a978-7-03-052220-7@b精装@dCNY298.00 | |
| 100 | @a20170802d2017 em y0chiy50 ea | |
| 101 | 0 | @achi@eeng |
| 102 | @aCN@b110000 | |
| 105 | @aa az 000yy | |
| 200 | 1 | @a页岩气开发工程中的理论与实践@9ye yan qi kai fa gong cheng zhong de li lun yu shi jian@dThe theory and practice in shale gas development engineering@f曾义金,杨春和,张保平著@zeng |
| 210 | @a北京@c科学出版社@d2017.03 | |
| 215 | @a441页@c图@d26cm | |
| 320 | @a有书目(第434-441页) | |
| 330 | @a本书结合我国页岩气勘探开发实际,对页岩气开发工程中的理论研究成果编著而成,主要介绍了用岩心实验、测井资料与地球物理求取页岩储层甜点的方法,钻井过程中页岩井壁围岩失稳机理、破坏规律、计算模型和控制方法,大型压裂过程中页岩裂缝起裂机理和延伸规律,压裂后裂缝监测与评估方法,页岩气试井解析与产能评价方法。 | |
| 510 | 1 | @aOry and practice in shale gas development engineering@zeng |
| 606 | 0 | @a油页岩@x油田开发@x研究 |
| 690 | @aP618.130.8@v5 | |
| 701 | 0 | @a曾义金@9zeng yi jin@4著 |
| 701 | 0 | @a杨春和@9yang chun he@4著 |
| 701 | 0 | @a张保平@9zhang bao ping@4著 |
| 801 | 0 | @aCN@b91MARC@c20170802 |
| 905 | @aMuseLib@dP618.130.8@e92 | |
| 页岩气开发工程中的理论与实践=The theory and practice in shale gas development engineering/曾义金,杨春和,张保平著.-北京:科学出版社,2017.03 |
| 441页:图;26cm |
| ISBN 978-7-03-052220-7(精装):CNY298.00 |
| 本书结合我国页岩气勘探开发实际,对页岩气开发工程中的理论研究成果编著而成,主要介绍了用岩心实验、测井资料与地球物理求取页岩储层甜点的方法,钻井过程中页岩井壁围岩失稳机理、破坏规律、计算模型和控制方法,大型压裂过程中页岩裂缝起裂机理和延伸规律,压裂后裂缝监测与评估方法,页岩气试井解析与产能评价方法。 |
| ● |
| 相关链接 |
|
|
|
|
正题名:页岩气开发工程中的理论与实践
索取号:P618.130.8/92
 
预约/预借
| 序号 | 登录号 | 条形码 | 馆藏地/架位号 | 状态 | 备注 |
| 1 | 1126185 | 211261855 | 第二样本阅览室/ [索取号:P618.130.8/92] | 在馆 | |
| 2 | 1126186 | 211261864 | 第三借阅区/ [索取号:P618.130.8/92] | 在馆 |